|
|
|
|
| LEADER |
00669cam a2200217 7i4500 |
| 001 |
0000004387 |
| 005 |
19991025090000.0 |
| 002 |
##000005877 |
| 020 |
0 |
0 |
|a 983-99854-0-X
|
| 090 |
0 |
0 |
|a M 597.092
|b SIM
|
| 090 |
0 |
0 |
|a R 597.092
|b SIM
|
| 100 |
1 |
0 |
|a Sim, Yong Wah
|
| 245 |
1 |
0 |
|a Malaysia's undersea heritage.
|
| 260 |
0 |
0 |
|a Kuala Lumpur:
|b Discovery Editions,
|c 1993.
|
| 300 |
0 |
0 |
|a 228 p..
|
| 650 |
0 |
0 |
|a Marine life --
|z Malaysia
|
| 650 |
0 |
0 |
|a Islands --
|x Marine --
|z Malaysia
|
| 650 |
0 |
0 |
|a Photography --
|z Malaysia
|
| 651 |
0 |
0 |
|a Malaysia
|
| 999 |
|
|
|a 0000006714
|b Book
|c Open shelf
|e Business Information Centre
|
| 999 |
|
|
|a 0000006713
|b Book
|c Open shelf
|e Business Information Centre
|